Vista normal
Vista MARC
Entrada Corporate Name
Número de registros utilizados en: 1
001 - CONTROL NUMBER
- control field: 42465
003 - CONTROL NUMBER IDENTIFIER
- control field: OSt
005 - DATE AND TIME OF LATEST TRANSACTION
- control field: 20221206153039.0
008 - FIXED-LENGTH DATA ELEMENTS
- fixed length control field: 221206|| aca||aabn | a|a d
040 ## - CATALOGING SOURCE
- Original cataloging agency: OSt
- Transcribing agency: OSt
110 ## - HEADING--CORPORATE NAME
- Corporate name or jurisdiction name as entry element: Colombia.
- Subordinate unit: Unidad para la Atención y Reparación Integral a las Víctimas
670 ## - SOURCE DATA FOUND
- Source citation: Work cat.: (OSt)29782: Colombia. Unidad para la Atención y Reparación Integral a las Víctimas, Voces y miradas de la reparación colectiva : , 2014